000 00285nam a2200121Ia 4500
005 20260328101453.0
008 260328s9999||||xx |||||||||||||| ||und||
245 0 _aAlessi :
_b Catálogo General 2009 /
260 _b----
300 _a200 p.
650 _aDISEÑO INDUSTRIAL
942 _cBK
999 _c8755
_d8755